Normal view
MARC view
Entry Topical Term
001 - CONTROL NUMBER
- control field: 20325
003 - CONTROL NUMBER IDENTIFIER
- control field: ARRUPE
005 - DATE AND TIME OF LATEST TRANSACTION
- control field: 20151020113026.0
008 - FIXED-LENGTH DATA ELEMENTS
- fixed length control field: 151020|| aca||aabn | a|a d
040 ## - CATALOGING SOURCE
- Original cataloging agency: ARRUPE
- Transcribing agency: ARRUPE
150 ## - HEADING--TOPICAL TERM
- Topical term or geographic name as entry element: Families
- Geographic subdivision: Nova Scotia
- Geographic subdivision: Cape Breton Island
- Form subdivision: Fiction.
670 ## - SOURCE DATA FOUND
- Source citation: Work cat.: (ARRUPE)0: MacDonald, Ann-Marie, 1958- 20324, Fall on your knees :, 1998, c1996.